000 08791njm0a2200565 4500
001 RU\NLR\ONIZ\297862
005 20250708193740.0
035 _a(NLR Aleph) 016340896
071 0 0 _aС10-12305-6
090 _a13285088
_c13285088
100 _a20230407g19 |||y0rusy50 ca
102 _aRU
126 _aabbxexu ux
_bxxx
127 _a004200
135 _ahonoannnanndn
200 1 _a[Поёт] Ирина Архипова, меццо-сопрано
_bЗвукозапись
203 _aМузыка
_bисполнительская
_cаудио
210 _aМосква
_cМелодия
_d[19--]
_g"Грамзапись"
_eМосква
215 _a1 грп. [ГОСТ 5289-73] (42 мин) : 33 об/мин, стерео
_d30 см, в конв
325 _aКопия доступна в электронной библиотеке РНБ
327 1 _a1. Шесть романсов на стихи Д. Ратгауза : соч. 73 / П. Чайковский ; партия фортепиано: И. Гусельников ;
_a2. Минула страсть : дуэт / П. Чайковский ; [автор слов:] А. К. Толстой ; исполняют: М. Касрашвили, сопрано, И. Архипова, меццо-сопрано, Н. Рассудова, фортепиано.
_a3. Песня Азучены : ("Трубадур", д. 2) / Дж. Верди ; сопровождает: Оркестр Большого театра СССР, дирижёр Б. Хайкин.
_a4. Романс Сантуцци : ("Сельская честь") / П. Масканьи ; сопровождает: Оркестр Большого театра СССР, дирижёр М. Эрмлер ;
_a5. Сцена и дуэт Сантуцци и Туридду : ("Сельская честь") / П. Масканьи ; партия Туридду: В. Пьявко, тенор, партия Лолы: К. Леонова, меццо-сопрано, сопровождает: Оркестр Большого театра СССР, дирижёр М. Эрмлер
464 0 _12001#$aШесть романсов на стихи Д. Ратгауза$eсоч. 73$fП. Чайковский$gпартия фортепиано: И. Гусельников
_16061#$aРомансы для меццо-сопрано русские$z19 век$jЗвукозапись$2nlr_sh
_16890#$aЩ943.2-043.2(28)
_1700#1$9z01790$aЧайковский$bП. И.$gПетр Ильич$f1840-1893$4230$7ca
_1702#1$9z02790$aРатгауз$bД. М.$gДаниил Максимович$f1868-1937$4520$7ca
_1790#1$9z01700$aČajkovskij$bP. I.$gPetr Il`ič$f1840-1893$4230$7ba
_1790#1$9z02702$aRatgauz$bD. M.$gDaniil Maksimovič$f1868-1937$4520$7ba
_tШесть романсов на стихи Д. Ратгауза
_aЧайковский, Петр Ильич (1840-1893)
464 0 _12001#$aМинула страсть$eдуэт$fП. Чайковский$g[автор слов:] А. К. Толстой$gисполняют: М. Касрашвили, сопрано, И. Архипова, меццо-сопрано, Н. Рассудова, фортепиано
_16061#$aДуэты для женских голосов в сопровождении фортепиано$yРоссия$z19 век$jЗвукозапись$2nlr_sh
_16890#$aЩ942.29-043.3(28)
_1700#1$9z01790$aЧайковский$bП. И.$gПетр Ильич$f1840-1893$4230$7ca
_1702#1$9z02790$aТолстой$bА. К.$gАлексей Константинович$cграф$f1817-1875$4520$7ca
_1702#1$9z03790$aКасрашвили$bМ. Ф.$gМаквала Филимоновна$cсопрано$f1942-$4590$4vso$7ca
_1702#1$9z04790$aРассудова$bН.$gНаталия$cфортепиано$4590$4kfp$7ca
_1790#1$9z01700$aČajkovskij$bP. I.$gPetr Il`ič$f1840-1893$4230$7ba
_1790#1$9z02702$aTolstoj$bA. K.$gAleksej Konstantinovič$f1817-1875$4520$7ba
_1790#1$9z03702$aKasrashvili$bM.$gMakvala$f1942-$4590$4vso$7ba
_1790#1$9z04702$aRassudova$bN.$gNatalija$cpiano$4590$4kfp$7ba
_tМинула страсть
_aЧайковский, Петр Ильич (1840-1893)
464 0 _12001#$aПесня Азучены$e("Трубадур", д. 2)$fДж. Верди$gсопровождает: Оркестр Большого театра СССР, дирижёр Б. Хайкин
_150000$aТрубадур$iПесня Азучены, д. 2$bЗвукозапись$lопера$rмеццо-сопрано$rоркестр
_16061#$aАрии из опер для меццо-сопрано$yИталия$z19 век$jЗвукозапись$2nlr_sh
_16890#$aЩ943.2-071(4Ит)
_1700#1$9z01790$aВерди$bД.$gДжузеппе$f1813–1901$4230$7ca
_1790#1$9z01700$aVerdi$bG.$gGiuseppe$f1813–1901$4230$7ba
_tПесня Азучены
_aВерди, Джузеппе (1813–1901)
464 0 _12001#$aРоманс Сантуцци$e("Сельская честь")$fП. Масканьи$gсопровождает: Оркестр Большого театра СССР, дирижёр М. Эрмлер
_150000$aСельская честь$iРоманс Сантуцци$bЗвукозапись$lопера$rоркестр$rсопрано
_16061#$aАрии из опер для меццо-сопрано$yИталия$z19 век$jЗвукозапись$2nlr_sh
_16890#$aЩ943.2-071(4Ит)
_1700#1$9z01790$aМасканьи$bП.$gПьетро$f1863-1945$4230
_1702#1$9z02790$aЭрмлер$bМ. Ф.$gМарк Фридрихович$cдирижер$f1932-2002$4250$7ca
_1790#1$9z01700$aMascagni$bP.$gPietro$ccomposer$f1863-1945$4230$7ba
_1790#1$9z02702$aÊrmler$bM.$gMark$f1932-2002$4250$7ba
_tРоманс Сантуцци
_aМасканьи, Пьетро (1863-1945)
464 0 _12001#$aСцена и дуэт Сантуцци и Туридду$e("Сельская честь")$fП. Масканьи$gпартия Туридду: В. Пьявко, тенор, партия Лолы: К. Леонова, меццо-сопрано, сопровождает: Оркестр Большого театра СССР, дирижёр М. Эрмлер
_150000$aСельская честь$iСцена и дуэт Сантуцци и Туридду$bЗвукозапись$lопера$rмеццо-сопрано$rоркестр$rтенор
_16061#$aДуэты из опер для сопрано и тенора$yИталия$z19 век$jЗвукозапись$2nlr_sh
_16890#$aЩ942.19-071(4Ит)
_1700#1$9z01790$aМасканьи$bП.$gПьетро$f1863-1945$4230
_1702#1$9z01790$aЭрмлер$bМ. Ф.$gМарк Фридрихович$cдирижер$f1932-2002$4250$7ca
_1702#1$9z02790$aПьявко$bВ. И.$gВладислав Иванович$f1941-$4590$4vte$7ca
_1702#1$9z03790$aЛеонова$bК. В.$gКира Васильевна$cмеццо-сопрано$f1922-1999$4590$4vms$7ca
_171202$aОркестр Большого театра СССР$4590$7ca
_1790#1$9z01700$aMascagni$bP.$gPietro$ccomposer$f1863-1945$4230$7ba
_1790#1$9z01702$aÊrmler$bM.$gMark$f1932-2002$4250$7ba
_1790#1$9z02702$aP`javko$bV.$gVladislav$ctenor$f1941-$4590$4vte$7ba
_1790#1$9z03702$aLeonova$bK.$gKira$cmezzo-soprano$f1922-1999$4590$4vms$7ba
_tСцена и дуэт Сантуцци и Туридду
_aМасканьи, Пьетро (1863-1945)
606 1 _aМеццо-сопрано советские российские
_z20-21 вв.
_jЗвукозапись
_2nlr_sh
606 1 _aДирижёры советские российские
_z20-21 вв.
_jЗвукозапись
_2nlr_sh
686 0 _aЩ943.2, 8(2)
700 1 _9z01790
_aАрхипова
_bИ.К.
_cмеццо-сопрано
_f1925-2010
_gИрина Константиновна
_4721
_4vms
_7ca
702 1 _9z02790
_aХайкин
_bБ.Э.
_cдирижёр
_f1904-1978
_gБорис Эммануилович
_4250
_7ca
702 1 _9z03790
_aЭрмлер
_bМ. Ф.
_cдирижер
_f1932-2002
_gМарк Фридрихович
_4250
_7ca
712 0 2 _aОркестр Большого театра СССР
_4590
_7ca
790 1 _9z01700
_aArchipova
_bI.
_cmezzo-soprano
_f1925-2010
_gIrina
_4721
_4vms
_7ba
790 1 _9z02702
_aChajkin
_bB.
_f1904-1978
_gBoris
_4250
_7ba
790 1 _9z03702
_aÊrmler
_bM.
_f1932-2002
_gMark
_4250
_7ba
801 0 _aRU
_bNLR
_c20230407
_gPSBO
801 1 _aRU
_bNLR
_c20230407
_2rusmarc
801 2 _aRU
_bNLR
_c20230409
852 _aNLR
_bМг
_j3/8629
_p40495
_t1
856 0 _uhttps://vivaldi.nlr.ru/mk000000940/view
856 1 _uhttps://vivaldi.nlr.ru/mk000000940/cover
856 2 _uhttps://vivaldi.nlr.ru/mk000000940/text
942 _cREC
980 _aNB
980 _aONIZ
981 2 4 _a(24) Нотные издания и аудиозаписи
_b(24) Грампластинки